| 000 | 00000nam 2200000zi 4500 |
| 001 | 9.921112 |
| 003 | CaOODSP |
| 005 | 20230428144415 |
| 006 | m o d f |
| 007 | cr |n||||||||| |
| 008 | 230320t20232023onca o f000 0 fre d |
| 020 | |a9780660480879 |
| 040 | |aCaOODSP|bfre|erda|cCaOODSP |
| 043 | |an-cn--- |
| 086 | 1 |aNR16-396/2023F-PDF |
| 245 | 00|aTechnologies pour les langues autochtones canadiennes. |
| 264 | 1|a[Ottawa] : |bConseil national de recherches Canada = National Research Council Canada, |c[2023] |
| 264 | 4|c©2023 |
| 300 | |a1 ressource en ligne (5 pages non numérotées) : |billustrations en couleur |
| 336 | |atexte|btxt|2rdacontent/fre |
| 337 | |ainformatique|bc|2rdamedia/fre |
| 338 | |aressource en ligne|bcr|2rdacarrier/fre |
| 500 | |aPublié aussi en anglais sous le titre : Technologies for Indigenous languages in Canada. |
| 650 | 6|aAutochtones|zCanada|xLangues. |
| 650 | 6|aLangage et langues|xEnseignement assisté par ordinateur. |
| 710 | 2 |aConseil national de recherches Canada, |eorganisme de publication. |
| 775 | 08|tTechnologies for Indigenous languages in Canada.|w(CaOODSP)9.921110 |
| 795 | |tTechnologies pour les langues autochtones canadiennes.|w(CaOODSP)9.911417 |
| 856 | 40|qPDF|s1.35 Mo|uhttps://publications.gc.ca/collections/collection_2023/cnrc-nrc/NR16-396-2023-fra.pdf |